| 000 | 00785nam a2200241Ia 4500 | ||
|---|---|---|---|
| 003 | GCL | ||
| 008 | 140319s9999 xx 000 0 ara d | ||
| 040 |
_aGCL / _cGCL |
||
| 082 | 0 | 4 |
_a320.5322 _bل ف |
| 100 | 1 | _aلينين | |
| 245 | 1 | 0 |
_aفى الثقافة والثورة الثقافية (هدية من الاديب عبدالفتاح الجمل) / _cلينين |
| 300 | _a295 ص | ||
| 490 |
_aالهيئة العامة للاستعلامات _v0 |
||
| 650 | 0 | 4 | _aالاتحاد السوفيتى |
| 650 | 0 | 4 | _aالشيوعية |
| 650 | 0 | 4 | _aالسياسة |
| 650 | 0 | 4 | _aالثقافة |
| 650 | 0 | 4 | _aالمذاهب |
| 650 | 0 | 4 | _aالبروليتاريا |
| 650 | 0 | 4 | _aالسياسة - مذاهب |
| 650 | 0 | 4 | _aالماركسية الديمقراطية |
| 942 |
_2ddc _cBK |
||
| 999 |
_c47183 _d47183 |
||